Cuentos
Gespeichert in:
| 1. Verfasser: | |
|---|---|
| Format: | Buch |
| Sprache: | Spanisch |
| Veröffentlicht: |
Ciudad de México
Porrúa
1974
|
| Ausgabe: | 4a. ed |
| Schlagworte: | |
| Tags: |
Tag hinzufügen
Keine Tags, Fügen Sie den ersten Tag hinzu!
|
MARC
| LEADER | 00000nam a2200000 a 4500 | ||
|---|---|---|---|
| 001 | UCQ5400 | ||
| 003 | CL-VaPUC | ||
| 008 | 980925e19740000MX |||||||||||||||||spa|d | ||
| 082 | 0 | 4 | |a Ur863 |b QUI |2 21 |
| 100 | |a Quiroga, Horacio |e author |9 371721 | ||
| 245 | 1 | 0 | |a Cuentos |
| 250 | |a 4a. ed | ||
| 300 | |a 141 p | ||
| 942 | |c BK | ||
| 945 | |d 19980925 00:00:00 |a crobeson | ||
| 260 | |a Ciudad de México |b Porrúa |c 1974 | ||
| 650 | 0 | |a Cuentos uruguayos |9 265136 | |
| 650 | 0 | |a Literatura uruguaya |9 342815 | |
| 583 | |a last modification |c 19980925 00:00:00 |k Rodrigo Vera | ||
| 999 | |c 275612 |d 275610 | ||